000 00256nam a2200121Ia 4500
008 190216s9999||||xx |||||||||||||| ||und||
100 _aRahul Samkruthyayan
245 0 _aHindi-Athina
260 _bMahal
300 _a102
650 _aHindi
942 _cBK
999 _c16311
_d16311